El rosal: manual del buen aficionado

-д хадгалсан:
Номзүйн дэлгэрэнгүй
Үндсэн зохиолчид: Ferrer Marti, Francisco (Зохиогч), Salvador Palomo, Pedro José (Зохиогч)
Формат: Ном
Хэл сонгох:испани
Хэвлэсэн: Madrid Mundi-Prensa 1991
Нөхцлүүд:
Шошгууд: Шошго нэмэх
Шошго байхгүй, Энэхүү баримтыг шошголох эхний хүн болох!

MARC

LEADER 00000nam a2200000 a 4500
001 UCV7403
003 CL-VaPUC
008 920122e19910000SP |||||||||||||||||spa|d
082 0 4 |a 635.933734  |b FER  |2 21 
100 0 |a Ferrer Marti, Francisco  |e author  |9 301515 
700 0 |a Salvador Palomo, Pedro José  |e author  |9 301516 
245 1 3 |a El rosal: manual del buen aficionado 
300 |a 253 p 
942 |c BK 
945 |d 19920122 00:00:00 
260 |a Madrid  |b Mundi-Prensa  |c 1991 
650 0 |a Floricultura  |9 264401 
650 7 |a ROSAS  |2 CL-VaPUC  |9 264768 
583 |a last modification  |c 19920122 00:00:00  |k Rodrigo Vera 
999 |c 213089  |d 213087 
952 |0 0  |1 0  |4 0  |6 635_933734000000000_FER_1991  |7 0  |8 A  |9 195107  |a BIBAGR  |b BIBAGR  |d 2019-11-14  |i 2632144  |l 1  |o 635.933734 FER 1991  |p 2632144  |r 2025-01-20  |s 2023-06-20  |w 2019-11-14  |y BK  |k AGR